000 00687nam a2200217 i 4500
001 102490
003 ES-MaACL
005 20230906183123.0
007 t|
008 051111s1970 sp ||||1| spa d
100 1 _aMerinas, Vittorino.
_980508
245 1 0 _aDossier sobre la desclericalización /
_cVittorino Merinas; [traducción ... por Manuel Villegas y Besora].
250 _a[1ª ed.].
260 _aBarcelona :
_bEstela,
_c1970.
300 _a191 p. ;
_c20 cm.
490 1 _aCristianismo y tiempo ;
_v49
700 1 _aVillegas y Besora, Manuel.
_9115229
830 0 _aCristianismo y tiempo ;
_v49
_9181569
852 _aES-MaACL
_jC-45259
_bR.76514
999 _c102490
_d102490